书目信息 |
| 题名: |
无线电材料
|
|
| 作者: | ;南京无线电工业学校 编 | |
| 分册: | ||
| 出版信息: | 北京 国防工业出版社 1959 |
|
| 页数: | 260页 | |
| 开本: | 20cm | |
| 丛书名: | ||
| 单 册: | ||
| 中图分类: | TN804 | |
| 科图分类: | ||
| 主题词: | 电信设备 | |
| 电子资源: | ||
| ISBN: | ||
| 000 | 00623nam0 2200205 450 | |
| 001 | 0640574530 | |
| 005 | 20060511111821.01 | |
| 010 | @dCNY0.94 | |
| 100 | @a20060511d1959 km y0chiy0120 ea | |
| 101 | 0 | @achi |
| 102 | @aCN@b110000 | |
| 200 | 1 | @a无线电材料@Awu xian dian cai liao@f南京无线电工业学校编@Fnan jing wu xian dian gong ye xue xiao bian |
| 210 | @a北京@c国防工业出版社@d1959 | |
| 215 | 1 | @a260页@d20cm |
| 300 | @a中等专业学校教学用书 | |
| 606 | 0 | @a电信设备 |
| 690 | @aTN804@v4 | |
| 711 | 0 | @a南京无线电工业学校@Anan jing wu xian dian gong ye xue xiao@4编 |
| 801 | 0 | @aCN@bPFT@c20060511 |
| 905 | @a10447@dTN804@e3 | |
| 无线电材料/南京无线电工业学校编.-北京:国防工业出版社,1959 |
| 260页;20cm |
| 中等专业学校教学用书 |
| ISBN :CNY0.94 |
| ● |
| 相关链接 |
|
|
|
|
正题名:无线电材料
索取号:TN804/3
 
预约/预借
| 序号 | 登录号 | 条形码 | 馆藏地/架位号 | 状态 | 备注 |
| 1 | 0016618 | 202321380 | 密集书库/ [索取号:TN804/3] | 在馆 |